MARC details
| 000 -CABECERA |
| campo de control de longitud fija |
01232cam a2200301 a 4500 |
| 001 - NÚMERO DE CONTROL |
| campo de control |
000005636 |
| 003 - IDENTIFICADOR DEL NÚMERO DE CONTROL |
| campo de control |
DO-SdBNP |
| 005 - FECHA Y HORA DE LA ÚLTIMA TRANSACCIÓN |
| campo de control |
20251028114753.0 |
| 008 - DATOS DE LONGITUD FIJA--INFORMACIÓN GENERAL |
| campo de control de longitud fija |
931110s1992 ve a b 001 0 spa c |
| 020 ## - NÚMERO INTERNACIONAL ESTÁNDAR DEL LIBRO |
| Número Internacional Estándar del Libro |
9802595012 |
| 040 ## - FUENTE DE LA CATALOGACIÓN |
| Centro catalogador/agencia de origen |
DO-SdBNP |
| Centro/agencia transcriptor |
TxU |
| Centro/agencia modificador |
DLC |
| 082 ## - NÚMERO DE LA CLASIFICACIÓN DECIMAL DEWEY |
| Número de clasificación |
987.03 |
| Número de documento/Ítem |
P381ó |
| 100 1# - ENTRADA PRINCIPAL--NOMBRE DE PERSONA |
| Nombre de persona |
Pelayo López, Francisco. |
| 9 (RLIN) |
15924 |
| 245 13 - MENCIÓN DE TÍTULO |
| Título |
La obra cientifica de Löfling en Venezuela / |
| Mención de responsabilidad, etc. |
Francisco Pelayo, Miguel Angel Puig-Samper. |
| 260 ## - PUBLICACIÓN, DISTRIBUCIÓN, ETC. |
| Lugar de publicación, distribución, etc. |
Caracas : |
| Nombre del editor, distribuidor, etc. |
Departamento de Asuntos Públicos de Lagoven, |
| Fecha de publicación, distribución, etc. |
[1992]. |
| 300 ## - DESCRIPCIÓN FÍSICA |
| Extensión |
161 p. : |
| Otras características físicas |
il. ; |
| Dimensiones |
21 cm. |
| 490 1# - MENCIÓN DE SERIE |
| Mención de serie |
Cuadernos Lagoven |
| 490 1# - MENCIÓN DE SERIE |
| Mención de serie |
Serie Me dio milenio |
| 504 ## - NOTA DE BIBLIOGRAFÍA, ETC. |
| Nota de bibliografía, etc. |
Incluye referencias bibliográficas e índice. |
| 600 14 - PUNTO DE ACCESO ADICIONAL DE MATERIA--NOMBRE DE PERSONA |
| Nombre de persona |
Lofling Per, |
| Fechas asociadas al nombre |
1729-1756 |
| Subdivisión general |
Viajes |
| Subdivisión geográfica |
Río Orinoco Región (Venezuela y colombia) |
| 9 (RLIN) |
15925 |
| 650 #4 - PUNTO DE ACCESO ADICIONAL DE MATERIA--TÉRMINO DE MATERIA |
| Término de materia o nombre geográfico como elemento de entrada |
Botánica |
| Subdivisión geográfica |
Río Orinoco Región (Venezuela y Colombia) |
| 9 (RLIN) |
15926 |
| 650 #4 - PUNTO DE ACCESO ADICIONAL DE MATERIA--TÉRMINO DE MATERIA |
| Término de materia o nombre geográfico como elemento de entrada |
Historia natural |
| Subdivisión geográfica |
Río Orinoco Región (Venezuela y Colombia) |
| 9 (RLIN) |
15927 |
| 651 #4 - PUNTO DE ACCESO ADICIONAL DE MATERIA--NOMBRE GEOGRÁFICO |
| Nombre geográfico |
Río Orinoco Región (Venezuela y Colombia) |
| Subdivisión general |
Descubrimientos y exploraciones |
| 9 (RLIN) |
15928 |
| 700 1# - PUNTO DE ACCESO ADICIONAL--NOMBRE DE PERSONA |
| Nombre de persona |
Puig-Samper, Miguel Angel. |
| 9 (RLIN) |
15929 |
| 830 #0 - PUNTO DE ACCESO ADICIONAL DE SERIE-TÍTULO UNIFORME |
| Título uniforme |
Cuadernos Lagoven. |
| Nombre de parte o sección de la obra |
Serie Me dio milenio. |
| 9 (RLIN) |
15930 |
| 910 ## - DATOS DE OPCIÓN DEL USUARIO (OCLC) |
| Datos de opción del usuario |
Catalogación por copia / LC |
| 942 ## - ELEMENTOS DE PUNTO DE ACCESO ADICIONAL (KOHA) |
| Fuente del sistema de clasificación o colocación |
Dewey Decimal Classification |
| Tipo de ítem Koha |
Libro |